[Event "TATA 14th IBCA Olympiad"]
[Site "Chennai IND"]
[Date "2012.08.18"]
[Round "8.4"]
[White "Minarcak, Pavol"]
[Black "Ghoorchibeygi, Alireza"]
[Result "0-1"]
[WhiteElo "1717"]
[BlackElo "1931"]
[WhiteTeam "Slovakia"]
[BlackTeam "Iran"]
[WhiteFideId "14930854"]
[BlackFideId "12510505"]
[EventDate "2012.08.10"]
[EventType "team"]

1. e4 e6 2. d4 d5 3. exd5 exd5 4. Nf3 c5 5. Bb5+ Nc6 6. O-O Nf6 7. Re1+ Be7 8.
Qe2 Bg4 9. Bd2 Ne4 10. h3 Be6 11. Nc3 Nxd2 12. Qxd2 O-O 13. dxc5 Bxc5 14. Rad1
d4 15. Qe2 a6 16. Bxc6 bxc6 17. Na4 Ba7 18. Qe5 Re8 19. Nxd4 Bd7 20. Qf4 Rxe1+
21. Rxe1 c5 22. Nf3 h6 23. Nc3 Be6 24. Rd1 Qb6 25. b3 c4 26. Qd4 Qa5 27. Qe4 Rc8
28. Nd5 Qc5 29. Ne3 Qa5 30. Nd4 Bxd4 31. Rxd4 cxb3 32. axb3 Qe1+ 33. Nf1 Qxe4
34. Rxe4 Rxc2 35. Ne3 Rc1+ 36. Kh2 Bxb3 37. Rb4 Be6 38. Ra4 Rc6 39. f4 Kf8 40.
f5 Bd7 41. Ra3 Rd6 42. Nc4 Rd4 43. Ne3 Bb5 44. g4 Rd3 45. Rxd3 Bxd3 46. Nd5 a5
47. Nc3 Bc2 48. Kg3 a4 49. Nb5 Bd3 50. Na3 Ke7 51. Kf4 Kd6 52. Ke3 Bf1 53. h4
Kc5 54. g5 hxg5 55. hxg5 Kb4 56. Nc2+ Kc3 57. Nd4 a3 58. g6 fxg6 59. fxg6 a2 0-1

[Event "TATA 14th IBCA Olympiad"]
[Site "Chennai IND"]
[Date "2012.08.18"]
[Round "8.1"]
[White "Torres, Saulo De Jesus"]
[Black "Harnandan, Sergio"]
[Result "1-0"]
[WhiteElo "1914"]
[BlackElo "1982"]
[WhiteTeam "Columbia"]
[BlackTeam "Netherland"]
[WhiteFideId "4403622"]
[BlackFideId "1029169"]
[EventDate "2012.08.10"]
[EventType "team"]

1. e4 e5 2. Nf3 Nc6 3. Bb5 f5 4. Nc3 fxe4 5. Nxe4 d5 6. Nxe5 dxe4 7. Nxc6 bxc6
8. Bxc6+ Bd7 9. Qh5+ Ke7 10. Qe5+ Be6 11. Bxa8 Qxa8 12. Qxc7+ Bd7 13. d4 exd3
14. Bg5+ Nf6 15. O-O-O Qc6 16. Qe5+ Be6 17. Rxd3 h6 18. Rc3 Qxc3 19. Bxf6+ 1-0

[Event "TATA 14th IBCA Olympiad"]
[Site "Chennai IND"]
[Date "2012.08.18"]
[Round "8.3"]
[White "Boztepe, Suleyman"]
[Black "Le Moy, Patrick"]
[Result "1-0"]
[WhiteElo "1803"]
[BlackElo "1633"]
[WhiteTeam "Turkey"]
[BlackTeam "France"]
[WhiteFideId "6378951"]
[BlackFideId "680699"]
[EventDate "2012.08.10"]
[EventType "team"]

1. d4 Nf6 2. c4 e6 3. Nc3 d5 4. Nf3 Nbd7 5. e3 Bb4 6. Bd2 O-O 7. a3 Bxc3 8. Bxc3
c6 9. Rc1 dxc4 10. Bxc4 Nb6 11. Bd3 Nbd5 12. O-O Re8 13. Bd2 Nd7 14. Qc2 f5 15.
e4 fxe4 16. Bxe4 N7f6 17. Bg5 h6 18. Bh4 g5 19. Bxd5 Qxd5 20. Qg6+ 1-0

[Event "TATA 14th IBCA Olympiad"]
[Site "Chennai IND"]
[Date "2012.08.18"]
[Round "8.4"]
[White "Peignien, Laurent"]
[Black "Aclan, Levent"]
[Result "0-1"]
[WhiteElo "1511"]
[BlackElo "1589"]
[WhiteTeam "France"]
[BlackTeam "Turkey"]
[WhiteFideId "20620705"]
[BlackFideId "6322301"]
[EventDate "2012.08.10"]
[EventType "team"]

1. e4 d6 2. d4 Nf6 3. Nc3 g6 4. f4 Bg7 5. Nf3 O-O 6. Bd3 c5 7. e5 dxe5 8. dxe5
Nd5 9. Ne4 Qb6 10. Bc4 Qb4+ 11. Nfd2 Nxf4 12. O-O Nc6 13. c3 Qb6 14. Ng5 Ne6 15.
Nde4 Nxe5 16. Bd5 c4+ 17. Kh1 Nd3 18. Qf3 Nxg5 19. Bxg5 Be6 20. Bxe6 Qxe6 21. b3
b5 22. a4 Ne5 23. Qg3 bxa4 24. b4 Nd3 25. Nc5 Nxc5 26. bxc5 f6 27. Be3 Qc6 28.
Rxa4 Qxa4 0-1

[Event "TATA 14th IBCA Olympiad"]
[Site "Chennai IND"]
[Date "2012.08.18"]
[Round "8.1"]
[White "Bindzus, Ernst"]
[Black "Kakade, Atul"]
[Result "1/2-1/2"]
[WhiteElo "1910"]
[BlackElo "1647"]
[WhiteTeam "Denmark"]
[BlackTeam "India - B"]
[WhiteFideId "1411950"]
[BlackFideId "25010271"]
[EventDate "2012.08.10"]
[EventType "team"]

1. e4 c5 2. Nc3 d6 3. f4 Nc6 4. Nf3 Nf6 5. g3 g6 6. Bg2 Bg7 7. O-O O-O 8. h3 d5
9. e5 Ne8 10. d3 e6 11. Ne2 b6 12. c3 Bb7 13. d4 cxd4 14. cxd4 Rc8 15. Qe1 Ba6
16. b3 Nc7 17. g4 Bd3 18. Ba3 Re8 19. Rd1 Bxe2 20. Qxe2 a6 21. Qe1 Nb5 22. Bb2
Bf8 23. a4 Bb4 24. Qe3 Nc7 25. Kh2 Re7 26. f5 exf5 27. gxf5 Qf8 28. f6 Ree8 29.
Rc1 Ne6 30. Nh4 Red8 31. Rg1 Kh8 32. Bf1 Nb8 33. Bd3 Rxc1 34. Qxc1 Rc8 35. Qe3
Qe8 36. Bxg6 fxg6 37. Qh6 Bf8 38. Qd2 Qf7 39. Bc1 Qc7 40. Qf2 Qc2 41. Bd2 Qd3 1/2-1/2

[Event "TATA 14th IBCA Olympiad"]
[Site "Chennai IND"]
[Date "2012.08.18"]
[Round "8.2"]
[White "Patel, Darshan blind"]
[Black "Nielsen, Henning"]
[Result "1-0"]
[WhiteElo "1811"]
[BlackElo "1871"]
[WhiteTeam "India - B"]
[BlackTeam "Denmark"]
[WhiteFideId "5051436"]
[BlackFideId "1435019"]
[EventDate "2012.08.10"]
[EventType "team"]

1. e4 e5 2. Nc3 Nf6 3. g3 Bc5 4. Bg2 c6 5. Nge2 d6 6. O-O O-O 7. d3 Nbd7 8. a3
a5 9. h3 Re8 10. Kh2 Nf8 11. f4 exf4 12. gxf4 Ng6 13. Ng3 Ng4+ 14. hxg4 Qh4+ 15.
Bh3 Nf8 16. Nf5 Bxf5 17. gxf5 Nd7 18. Qe1 Qe7 19. Be3 Bxe3 20. Qxe3 f6 21. Qg3
Kf7 22. Bg4 Rh8 23. Bh5+ Kg8 24. Rg1 Nf8 25. Kg2 g6 26. Kf3 Qg7 27. fxg6 hxg6
28. Bxg6 Nxg6 29. Qxg6 Qxg6 30. Rxg6+ Kf7 31. Rag1 Rab8 32. Rg7+ Ke6 33. Ne2 d5
34. Nd4+ Kd6 35. b4 axb4 36. axb4 c5 37. Nf5+ Kc6 38. bxc5 Kxc5 39. Rc7+ Kb6 40.
Rc3 dxe4+ 41. dxe4 Rh3+ 42. Ng3 Rg8 43. Rb1+ Ka7 44. Kg2 Rh4 45. Rf3 Rd8 46. Rd3
Rc8 47. c3 Rxf4 48. Rf1 Rxf1 49. Nxf1 Kb6 50. Ne3 Kc6 51. Nd5 Rf8 52. Rf3 Kd6
53. Nxf6 Ke6 54. Nd5 Rg8+ 55. Kf2 Rg5 56. Ke3 Ke5 57. Nb4 Kd6 58. Kd4 b5 59.
Rf6+ Kd7 60. Rf3 1-0

[Event "TATA 14th IBCA Olympiad"]
[Site "Chennai IND"]
[Date "2012.08.18"]
[Round "8.3"]
[White "Bremer, Erik"]
[Black "Patil, Shirish"]
[Result "0-1"]
[WhiteElo "1547"]
[BlackElo "1826"]
[WhiteTeam "Denmark"]
[BlackTeam "India - B"]
[WhiteFideId "1411578"]
[BlackFideId "5081904"]
[EventDate "2012.08.10"]
[EventType "team"]

1. e4 c5 2. Nc3 Nc6 3. f4 g6 4. Nf3 Bg7 5. Bc4 e6 6. d3 d6 7. O-O Nge7 8. Be3
O-O 9. Qe1 d5 10. exd5 exd5 11. Bxc5 dxc4 12. dxc4 Re8 13. Rd1 Qa5 14. b4 Nxb4
15. Bxe7 Nxc2 16. Qh4 Qxc3 17. Ng5 h6 18. Ne4 Qe3+ 19. Nf2 Qxe7 20. Qxe7 Rxe7
21. Rd8+ Kh7 0-1

[Event "TATA 14th IBCA Olympiad"]
[Site "Chennai IND"]
[Date "2012.08.18"]
[Round "8.4"]
[White "Gaurav Gadodia"]
[Black "Hansen, Martin Mandrup"]
[Result "1-0"]
[WhiteElo "1807"]
[BlackElo "1518"]
[WhiteTeam "India - B"]
[BlackTeam "Denmark"]
[WhiteFideId "5034230"]
[BlackFideId "1441361"]
[EventDate "2012.08.10"]
[EventType "team"]

1. e4 c5 2. c3 d6 3. d4 cxd4 4. cxd4 Nf6 5. Nc3 a6 6. Nf3 e6 7. Bd3 Be7 8. O-O
O-O 9. Qe2 h6 10. Rd1 d5 11. e5 Ne8 12. Bc2 Bd7 13. Qd3 f5 14. exf6 Nxf6 15.
Bxh6 gxh6 16. Qg6+ Kh8 17. Qxh6+ Kg8 18. Qg6+ Kh8 19. Ng5 Be8 20. Qh6+ Kg8 21.
Bh7+ Kh8 22. Bf5+ Kg8 23. Bxe6+ Bf7 24. Qg6+ Kh8 25. Bxf7 Qd6 26. Qh6+ Nh7 27.
Qxh7# 1-0

[Event "TATA 14th IBCA Olympiad"]
[Site "Chennai IND"]
[Date "2012.08.19"]
[Round "9.1"]
[White "Crouch, Colin S"]
[Black "Meshkov, Yuri A."]
[Result "1-0"]
[WhiteTitle "IM"]
[BlackTitle "IM"]
[WhiteElo "2373"]
[BlackElo "2390"]
[WhiteTeam "UK"]
[BlackTeam "Russia"]
[WhiteFideId "400947"]
[BlackFideId "4107101"]
[EventDate "2012.08.10"]

1. d4 Nf6 2. c4 e6 3. Nf3 Bb4+ 4. Nbd2 O-O 5. e3 b6 6. Be2 Bb7 7. O-O d5 8. Qc2
Nbd7 9. a3 Bd6 10. b4 c5 11. bxc5 bxc5 12. Rb1 Rb8 13. cxd5 exd5 14. dxc5 Bxc5
15. Nb3 Bb6 16. Bb2 Ne4 17. Bd4 Qe7 18. Qb2 Bxd4 19. Nbxd4 g6 20. Qb4 Qxb4 21.
Rxb4 Nc3 22. Ra1 a5 23. Rb3 Nxe2+ 24. Nxe2 Ba6 25. Rxb8 Rxb8 26. Nc3 Bc4 27. Nd4
Rc8 28. Na4 Ba6 29. h4 h5 30. Rb1 Rc7 31. Rb3 Rc4 32. Nb6 Rc1+ 33. Kh2 Nc5 34.
Rb2 Nd3 35. Rd2 Ra1 36. a4 Nc5 37. Nc6 Nxa4 38. Nxd5 Nc5 39. Nf6+ Kg7 40. Ne8+
Kh7 41. Rd8 Nb7 42. Rb8 Nc5 43. Ne5 Ra4 44. f4 Rb4 45. Ra8 Rb7 46. Nd6 Re7 47.
Ndxf7 a4 48. Ng5+ Kg7 49. Nc6 Rxe3 50. Ra7+ Kg8 51. Ne7+ Rxe7 52. Rxe7 a3 53.
Re8+ Kg7 54. Re3 Nd3 55. Re7+ Kg8 56. Ra7 Nb4 57. Ra8+ Kg7 58. Ne6+ Kf6 59. Nd4
a2 60. Nb3 Bc4 61. Na1 Nd5 62. Kg3 Ne3 63. Rf8+ Ke7 64. Rc8 Bd5 65. Rc3 Nf5+ 66.
Kh3 Be6 67. g3 Nd4+ 68. Kg2 Kd6 69. Kf2 Kd5 70. Ke3 Nf5+ 71. Kd2 Nd6 72. Rd3+
Kc6 73. Kc3 Ne4+ 74. Kb2 Bc4 75. Re3 Nd6 76. Nc2 Nf5 77. Rc3 Kd5 78. Na3 Be2 79.
Kxa2 Ke4 80. Nc2 Bd1 81. Kb2 Be2 82. Kc1 Bf3 83. Ne1 Be2 84. Kd2 Bf1 85. Ra3 Bb5
86. Ra5 Bf1 87. Re5+ Kd4 88. Nf3+ Kc4 89. Nh2 Bg2 90. Re2 Bd5 91. Nf1 Kd4 92.
Re8 Bc4 93. Rd8+ Kc5 94. Ne3 Nxg3 95. Rc8+ 1-0

[Event "TATA 14th IBCA Olympiad"]
[Site "Chennai IND"]
[Date "2012.08.19"]
[Round "9.2"]
[White "Smirnov, Sergei1"]
[Black "Ross, Chris N"]
[Result "1-0"]
[WhiteElo "2333"]
[BlackElo "2231"]
[WhiteTeam "Russia"]
[BlackTeam "UK"]
[WhiteFideId "4120884"]
[BlackFideId "410411"]
[EventDate "2012.08.10"]

1. Nf3 Nf6 2. c4 g6 3. g3 Bg7 4. Bg2 O-O 5. d4 d6 6. Nc3 e5 7. O-O Nbd7 8. e4
exd4 9. Nxd4 Re8 10. h3 a6 11. Re1 Rb8 12. b3 c5 13. Nc2 Qc7 14. Bf4 Ne5 15. Rc1
b5 16. cxb5 axb5 17. Ne3 Be6 18. g4 Red8 19. Bg5 Rdc8 20. f4 Nc6 21. f5 Bd7 22.
Bf4 Ne5 23. g5 Nh5 24. Bh2 f6 25. h4 Bc6 26. Ng4 Rd8 27. Nd5 Bxd5 28. Qxd5+ Kh8
29. Nxe5 dxe5 30. Qxc5 Qxc5+ 31. Rxc5 Rd2 32. Rec1 Kg8 33. Bf1 Nf4 34. Rc8+ Rxc8
35. Rxc8+ Kf7 36. Rc7+ Kf8 37. Bxf4 exf4 38. e5 fxe5 39. f6 Bxf6 40. gxf6 e4 41.
Bxb5 Rd6 42. f7 Kg7 43. Bc4 Rd8 44. Re7 Rd1+ 45. Kh2 e3 46. Re8 1-0

[Event "TATA 14th IBCA Olympiad"]
[Site "Chennai IND"]
[Date "2012.08.19"]
[Round "9.3"]
[White "Hilton, Stephen H"]
[Black "Krylov, Sergey"]
[Result "0-1"]
[BlackTitle "IM"]
[WhiteElo "1928"]
[BlackElo "2337"]
[WhiteTeam "UK"]
[BlackTeam "Russia"]
[WhiteFideId "415030"]
[BlackFideId "4108809"]
[EventDate "2012.08.10"]

1. Nf3 Nf6 2. c4 b6 3. g3 Bb7 4. Bg2 e6 5. O-O Be7 6. Nc3 O-O 7. Re1 d5 8. cxd5
exd5 9. d4 Na6 10. Bg5 h6 11. Bxf6 Bxf6 12. Rc1 Re8 13. e3 c5 14. dxc5 bxc5 15.
Qd2 Qd7 16. Rcd1 Rad8 17. Qc1 Qe6 18. a3 Bc6 19. Nd2 Rb8 20. e4 d4 21. Nd5 Ba4
22. b3 Bxb3 23. Nxb3 Rxb3 24. f4 Reb8 25. e5 Bd8 26. Be4 Ba5 27. Re2 Bc3 28. f5
Qxe5 29. f6 Qg5 30. Qxg5 hxg5 31. Ne7+ Kf8 32. fxg7+ Kxg7 33. Nc6 Re8 34. Nxa7
Rxa3 35. Nb5 Rb3 36. Nd6 Rd8 37. Bd5 Rb6 38. Ne8+ Kg6 39. Bc4 Nb4 40. Re7 f5 41.
Bg8 g4 42. Rg7+ Kh6 43. Rh7+ Kg5 44. Bf7 Rxe8 45. Bxe8 Re6 46. Bd7 Rf6 47. Be8
Rf8 48. Bb5 Nd5 49. Bc6 Ne3 50. Rb1 d3 51. Rb6 Bb4 52. Ra6 d2 53. Ba4 Nc2 54.
Kg2 d1=Q 0-1

[Event "TATA 14th IBCA Olympiad"]
[Site "Chennai IND"]
[Date "2012.08.19"]
[Round "9.1"]
[White "Mueller, Oliver"]
[Black "Swapanil, Shah"]
[Result "1-0"]
[WhiteTitle "FM"]
[WhiteElo "2265"]
[BlackElo "1884"]
[WhiteTeam "Germany"]
[BlackTeam "India - A"]
[WhiteFideId "4633385"]
[BlackFideId "5043484"]
[EventDate "2012.08.10"]

1. d4 d5 2. c4 e6 3. Nc3 c5 4. cxd5 exd5 5. Nf3 Nc6 6. g3 c4 7. Bg2 Bb4 8. O-O
Nge7 9. Bd2 a6 10. b3 b5 11. bxc4 bxc4 12. e4 dxe4 13. Nxe4 Bxd2 14. Nexd2 Be6
15. Rc1 c3 16. Rxc3 Rc8 17. Qa4 O-O 18. Rfc1 Qa5 19. Qxa5 Nxa5 20. Rxc8 Rxc8 21.
Rxc8+ Nxc8 22. a3 Nb6 23. Ne5 f6 24. Nc6 Nac4 25. Nxc4 Nxc4 26. Nd8 1-0

[Event "TATA 14th IBCA Olympiad"]
[Site "Chennai IND"]
[Date "2012.08.19"]
[Round "9.2"]
[White "Kishan, Gangolli"]
[Black "Riegler, Dieter"]
[Result "1/2-1/2"]
[WhiteElo "1972"]
[BlackElo "2132"]
[WhiteTeam "India - A"]
[BlackTeam "Germany"]
[WhiteFideId "5049350"]
[BlackFideId "4606426"]
[EventDate "2012.08.10"]

1. d4 Nf6 2. Nf3 g6 3. c4 Bg7 4. Nc3 O-O 5. e4 d6 6. Be2 e5 7. O-O Nbd7 8. Qc2
Re8 9. Rd1 exd4 10. Nxd4 c6 11. Rb1 Nc5 12. f3 Qe7 13. Kh1 a5 14. Bg5 h6 15. Bh4
g5 16. Bf2 Nh5 17. Bf1 Be5 18. Nf5 Qf6 19. g4 Nf4 20. Qd2 Bxf5 21. exf5 1/2-1/2

[Event "TATA 14th IBCA Olympiad"]
[Site "Chennai IND"]
[Date "2012.08.19"]
[Round "9.3"]
[White "Schellmann, Frank"]
[Black "Darpan, Inani"]
[Result "1/2-1/2"]
[WhiteTitle "CM"]
[WhiteElo "2110"]
[BlackElo "2015"]
[WhiteTeam "Germany"]
[BlackTeam "India - A"]
[WhiteFideId "4669916"]
[BlackFideId "5065992"]
[EventDate "2012.08.10"]

1. e4 c5 2. c3 d5 3. exd5 Qxd5 4. d4 Nf6 5. Nf3 Bg4 6. dxc5 Qxc5 7. h3 Bd7 8.
Na3 e6 9. Be3 Qc6 10. Nc4 Qc7 11. Nfe5 Nc6 12. Bf4 Nxe5 13. Bxe5 Qc6 14. Be2 Nd5
15. O-O f6 16. Bg3 Be7 17. Qb3 a5 18. a4 O-O 19. Bf3 Qc5 20. Nd2 Kh8 21. Rfe1
Rfe8 22. Re4 1/2-1/2

[Event "TATA 14th IBCA Olympiad"]
[Site "Chennai IND"]
[Date "2012.08.19"]
[Round "9.4"]
[White "Makwana, Ashvin K"]
[Black "Dobierzin, Olaf"]
[Result "1/2-1/2"]
[WhiteElo "1919"]
[BlackElo "2060"]
[WhiteTeam "India - A"]
[BlackTeam "Germany"]
[WhiteFideId "5081912"]
[BlackFideId "4635000"]
[EventDate "2012.08.10"]

1. e4 c5 2. Nc3 Nc6 3. f4 g6 4. Nf3 Bg7 5. Bc4 e6 6. f5 Nge7 7. fxe6 fxe6 8. O-O
O-O 9. d3 d5 10. Bb5 Nd4 11. Ba4 a6 12. Bb3 b5 13. a3 c4 14. Ba2 Bb7 15. Bg5
Nxf3+ 16. Rxf3 Qb6+ 17. Kh1 Rxf3 18. Qxf3 Nc6 19. exd5 Nd4 20. Qe4 Qc5 21. dxc4
bxc4 22. Be3 Bxd5 23. Nxd5 Qxd5 1/2-1/2

[Event "TATA 14th IBCA Olympiad"]
[Site "Chennai IND"]
[Date "2012.08.19"]
[Round "9.1"]
[White "Desanjose Candalija, Eduardo"]
[Black "Dukaczewski, Piotr"]
[Result "1-0"]
[WhiteTitle "FM"]
[BlackTitle "IM"]
[WhiteElo "2238"]
[BlackElo "2228"]
[WhiteTeam "Spain"]
[BlackTeam "Poland"]
[WhiteFideId "2256827"]
[BlackFideId "1103520"]
[EventDate "2012.08.10"]

1. c4 e5 2. g3 Nc6 3. Bg2 g6 4. Nc3 Bg7 5. e4 d6 6. Nge2 Nge7 7. O-O O-O 8. d3
f5 9. Nd5 Nxd5 10. cxd5 Ne7 11. Be3 c6 12. Qd2 cxd5 13. exd5 b6 14. d4 e4 15.
Nf4 Qd7 16. f3 exf3 17. Bxf3 Bb7 18. a4 a5 19. h4 Rfe8 20. Qc2 Rab8 21. Rfc1 Bh6
22. Qb3 Ba8 23. Rc6 Kh8 24. Rac1 Rec8 25. Qb5 Bxc6 26. dxc6 Qc7 27. d5 Bxf4 28.
gxf4 Re8 29. Bd4+ Kg8 30. Re1 Kf7 31. Re3 Nc8 32. Rb3 h5 33. Qd3 Qe7 34. Bf2 Qf6
35. Kg2 Qe7 36. Qc4 Qc7 37. Kg3 Re7 38. Bd4 Re1 39. Bc3 Rc1 40. Qd4 Rxc3 41.
Rxc3 Qe7 42. Re3 Qf6 43. Qxf6+ Kxf6 44. Re8 Kf7 45. Rd8 Ke7 46. c7 Ra8 47. Be2 1-0

[Event "TATA 14th IBCA Olympiad"]
[Site "Chennai IND"]
[Date "2012.08.19"]
[Round "9.2"]
[White "Stachanczyk, Jacek"]
[Black "Palacios Perez, Manuel"]
[Result "1/2-1/2"]
[WhiteElo "2256"]
[BlackElo "2166"]
[WhiteTeam "Poland"]
[BlackTeam "Spain"]
[WhiteFideId "1116657"]
[BlackFideId "2205505"]
[EventDate "2012.08.10"]

1. e4 e6 2. d4 d5 3. Nc3 Bb4 4. Ne2 dxe4 5. a3 Be7 6. Nxe4 Nf6 7. N2g3 Bd7 8.
Nxf6+ Bxf6 9. Nh5 Bc6 10. Be3 Nd7 11. Qg4 g6 12. Nxf6+ Nxf6 13. Qh4 Nd5 14.
Qxd8+ Rxd8 15. Bd2 O-O 16. O-O-O Rfe8 17. f3 e5 18. c4 Nb6 19. Bg5 Rxd4 20. Rxd4
exd4 21. Bf6 Re1+ 22. Kd2 Ra1 23. b3 Rxa3 24. Kc2 Nd7 25. Bxd4 Ra2+ 26. Bb2 Ra5
27. Be2 Rg5 28. g3 Rh5 29. h3 g5 30. Bd1 Nf8 31. Rh2 Rh6 32. Bc1 Rg6 33. h4 gxh4
34. g4 Ne6 35. Kc3 Rf6 36. g5 Rf5 37. f4 Nc5 38. Rxh4 Ne4+ 39. Kd4 Ra5 40. Bc2
f5 41. gxf6 Nxf6 42. c5 Ra1 43. Be3 Rh1 44. Rxh1 Bxh1 45. Bf2 Kf7 46. Bh4 h6 47.
b4 c6 48. Ke5 Nd5 49. Be1 Ne3 50. Bd3 Bf3 51. Bd2 1/2-1/2

[Event "TATA 14th IBCA Olympiad"]
[Site "Chennai IND"]
[Date "2012.08.19"]
[Round "9.3"]
[White "Enjuto Velasco, Roberto"]
[Black "Gunajew, Rafal"]
[Result "0-1"]
[BlackTitle "FM"]
[WhiteElo "2132"]
[BlackElo "2260"]
[WhiteTeam "Spain"]
[BlackTeam "Poland"]
[WhiteFideId "2207320"]
[BlackFideId "1116037"]
[EventDate "2012.08.10"]

1. e4 c5 2. Nf3 d6 3. d4 cxd4 4. Nxd4 Nf6 5. Nc3 a6 6. Bc4 e6 7. Bb3 b5 8. O-O
Be7 9. Qf3 Qc7 10. Qg3 Nc6 11. Nxc6 Qxc6 12. Re1 Bb7 13. f3 O-O 14. Bh6 Ne8 15.
Rad1 Rd8 16. Kh1 Kh8 17. Bg5 Nf6 18. Qh4 Rd7 19. Rd3 Ng8 20. Bxe7 Nxe7 21. Red1
Ng6 22. Qg3 Rfd8 23. h3 Kg8 24. f4 Qc5 25. Rf1 Qh5 26. f5 exf5 27. Rxf5 Qh4 28.
Qxh4 Nxh4 29. Rf2 Ng6 30. Rfd2 Ne5 31. Rd4 Kf8 32. Nd5 Bxd5 33. Bxd5 Rc7 34. c3
Ke7 35. Kg1 h5 36. a4 h4 37. Kf2 Rc5 38. axb5 axb5 39. Bb3 f6 40. Rd5 Nc4 41.
Bxc4 bxc4 42. Rxc5 dxc5 43. Rxd8 Kxd8 44. Kf3 Kc7 45. Kg4 Kd6 46. Kxh4 Ke5 47.
Kh5 Kxe4 48. Kg6 Kd3 49. h4 Kc2 50. h5 Kxb2 51. Kxg7 Kxc3 52. Kxf6 Kb3 53. h6 c3
54. h7 c2 55. h8=Q c1=Q 56. Qh7 0-1

[Event "TATA 14th IBCA Olympiad"]
[Site "Chennai IND"]
[Date "2012.08.19"]
[Round "9.4"]
[White "Mackowiak, Marek"]
[Black "Fernandez Manrique, Agustin"]
[Result "0-1"]
[WhiteElo "2165"]
[BlackElo "2170"]
[WhiteTeam "Poland"]
[BlackTeam "Spain"]
[WhiteFideId "1103326"]
[BlackFideId "2231000"]
[EventDate "2012.08.10"]

1. Nf3 Nf6 2. g3 g6 3. Bg2 Bg7 4. O-O O-O 5. d3 d6 6. Nbd2 c5 7. Rb1 Nc6 8. a3
Rb8 9. b4 cxb4 10. axb4 Nd5 11. Bb2 Ndxb4 12. Bxg7 Kxg7 13. Qc1 Kg8 14. c3 Na6
15. Ne4 Nc5 16. Nxc5 dxc5 17. Qh6 f6 18. Ng5 fxg5 19. Bxc6 e6 20. Be4 Qf6 21. c4
b6 22. f4 Bb7 23. Bxb7 Rxb7 24. Kg2 Rbf7 25. Rf3 gxf4 26. Rxf4 Qe5 27. Re4 Rf2+
28. Kg1 Qf5 29. Rc1 Rf6 30. Rh4 g5 31. Qxf6 Qxf6 32. Re4 h5 33. h3 a5 34. Rb1 a4
35. h4 g4 36. Rd1 a3 37. d4 cxd4 38. Rexd4 Rf1+ 39. Rxf1 Qxd4+ 40. Kg2 a2 41. e3
Qb2+ 42. Rf2 a1=Q 43. e4 Qbb1 0-1

[Event "TATA 14th IBCA Olympiad"]
[Site "Chennai IND"]
[Date "2012.08.19"]
[Round "9.1"]
[White "Grigorchuk, Sergey"]
[Black "Dimic, Pavle"]
[Result "1/2-1/2"]
[BlackTitle "FM"]
[WhiteElo "2302"]
[BlackElo "2155"]
[WhiteTeam "Ukraine"]
[BlackTeam "Serbia"]
[WhiteFideId "14114879"]
[BlackFideId "937428"]
[EventDate "2012.08.10"]

1. d4 Nf6 2. c4 g6 3. Nc3 Bg7 4. e4 d6 5. Be2 O-O 6. Bg5 c5 7. d5 Qa5 8. Bd2 e6
9. Nf3 exd5 10. exd5 Qd8 11. O-O Na6 12. Bd3 Nc7 13. a4 Na6 14. Rc1 Nb4 15. Bb1
a6 16. Bf4 Nh5 17. Bg5 Bf6 18. Bh6 Re8 19. h3 Ng7 20. g4 Be7 21. Kh1 f5 22. Rg1 1/2-1/2

[Event "TATA 14th IBCA Olympiad"]
[Site "Chennai IND"]
[Date "2012.08.19"]
[Round "9.2"]
[White "Jandric, Damjan"]
[Black "Shepelev, Igor"]
[Result "0-1"]
[WhiteTitle "CM"]
[WhiteElo "2055"]
[BlackElo "2117"]
[WhiteTeam "Serbia"]
[BlackTeam "Ukraine"]
[WhiteFideId "921475"]
[BlackFideId "14114909"]
[EventDate "2012.08.10"]

1. e4 e5 2. Bc4 Nf6 3. d3 Be7 4. Nf3 d6 5. O-O O-O 6. Bb3 a5 7. c3 b5 8. Re1 c5
9. d4 Nbd7 10. a4 b4 11. Nbd2 cxd4 12. cxd4 Bb7 13. Bc2 Rc8 14. Nf1 d5 15. dxe5
Nxe4 16. Ng3 Nxg3 17. hxg3 Nc5 18. Bf5 Ra8 19. Bf4 Ne6 20. Bxe6 fxe6 21. Nd4 Qb6
22. Rc1 Rac8 23. Qg4 Rxc1 24. Rxc1 Qxd4 25. Rc7 Rf7 26. Rxb7 Bf8 27. Rxf7 Kxf7
28. Qh5+ Kg8 29. Qe8 Qb6 30. Bg5 Qc5 31. Qxe6+ Kh8 32. Qf5 h6 33. Be3 Qe7 34.
Bd4 b3 35. Qf3 Qb4 36. Qxd5 Qxa4 37. e6 Qb4 38. Bc3 Qd6 39. Qxd6 Bxd6 40. Bxa5
Kg8 41. Bc3 h5 42. f4 Kf8 43. Kf2 Ke7 44. Bxg7 Kxe6 45. Ke3 Kf5 46. Kd3 Kg4 47.
Be5 Bf8 48. Kc3 Kxg3 49. f5+ Kxg2 50. Kxb3 Kf3 51. f6 Ke4 52. Bc3 h4 53. Bb4 h3
54. Bxf8 h2 55. Bb4 h1=Q 56. Bc3 Qd1+ 57. Kb4 Kd5 58. Kb5 Qb3+ 0-1

[Event "TATA 14th IBCA Olympiad"]
[Site "Chennai IND"]
[Date "2012.08.19"]
[Round "9.3"]
[White "Konev, Victor"]
[Black "Avram, Sretko"]
[Result "1-0"]
[BlackTitle "FM"]
[WhiteElo "2128"]
[BlackElo "2217"]
[WhiteTeam "Ukraine"]
[BlackTeam "Serbia"]
[WhiteFideId "14111764"]
[BlackFideId "925314"]
[EventDate "2012.08.10"]

1. e4 e5 2. Bc4 Be7 3. Nf3 d6 4. d4 exd4 5. Nxd4 Nf6 6. Nc3 O-O 7. O-O Nxe4 8.
Nxe4 d5 9. Bd3 dxe4 10. Bxe4 c6 11. Qd3 g6 12. Bh6 Re8 13. Rad1 Qa5 14. Rfe1 Bf8
15. Bd2 Qc7 16. Bc3 Bg7 17. Bxc6 Rxe1+ 18. Rxe1 bxc6 19. Re8+ Bf8 20. Nf5 f6 21.
Qc4+ 1-0

[Event "TATA 14th IBCA Olympiad"]
[Site "Chennai IND"]
[Date "2012.08.19"]
[Round "9.4"]
[White "Avram, Veso"]
[Black "Yatsishin, Ivan"]
[Result "0-1"]
[WhiteElo "2127"]
[BlackElo "2137"]
[WhiteTeam "Serbia"]
[BlackTeam "Ukraine"]
[WhiteFideId "925330"]
[BlackFideId "14107643"]
[EventDate "2012.08.10"]

1. d4 Nf6 2. c4 e6 3. Nc3 d5 4. cxd5 exd5 5. Bg5 Be7 6. Qc2 Nc6 7. e3 O-O 8. a3
Re8 9. Bd3 h6 10. Bh4 Na5 11. b4 Nc4 12. Bxc4 dxc4 13. Nf3 c6 14. O-O b5 15. e4
a5 16. Rab1 axb4 17. axb4 Ra3 18. Bxf6 Bxf6 19. e5 Be7 20. d5 cxd5 21. Nxb5 Rd3
22. Nbd4 Qb6 23. Rfd1 Rxd1+ 24. Qxd1 Bd7 25. h3 Rb8 26. Nc2 Qg6 27. Kh1 Ba4 28.
Nfd4 Rxb4 29. Rxb4 Bxb4 30. Qe2 Bc3 31. Qe3 Qd3 32. e6 fxe6 33. Qxe6+ Kh7 34.
Nf5 Bf6 35. Nce3 Bc2 36. g4 Qe4+ 37. Qxe4 Bxe4+ 38. Kh2 c3 39. Kg3 Bd3 0-1